000
00308nam a22001337a 4500
003
SGT
020
_a
0-19-806181-1
082
_a
647.950
_b
BAL
100
_a
BALI, PARVINDER S.
245
_a
FOOD PRODUCTION OPERATIONS
260
_a
NEW YORK
_b
OXFORD UNIVERSITY
_c
2010
300
_a
588
942
_2
ddc
_c
BK
_0
2
999
_c
22738
_d
22738